000 00578nam a2200193Ia 4500
005 20250508165324.0
008 008 250505s9999 xx 000 0 eng d
037 _aDissertations
040 _aFEDL
_beng
_cFEDL
041 _aeng
_2eng
084 _a376, GEE/DI
_qFEDL
100 _aGeetanjali
245 0 _aGirls education: Incentives schemes and their implementation at the school level
260 _c2013
300 _a104p.
546 _aM.Ed. Dissertation, (Delhi University); C D Included
942 _cDIS
_h376, GEE/DI
999 _c1394445
_d1394445